| 000 | 00491nam a2200157Ia 4500 | ||
|---|---|---|---|
| 005 | 20250626031159.0 | ||
| 008 | 240331s9999 xx 000 0 und d | ||
| 020 | _a9789555034807 | ||
| 082 |
_astudy, _bATHcase |
||
| 100 | _aAththanayake,M.T.R.S | ||
| 245 | 0 | _aNagarika dugee bawata balapana parasarika sadhaka | |
| 260 |
_aSri Lanka _bNational Library of Sri Lanka _c2007 |
||
| 300 | _aix, 169 p ., | ||
| 500 | _aA book on Environmental Factors that Contribute to urban Poverty | ||
| 942 | _cL | ||
| 999 |
_c5079 _d5079 |
||